[Event "Bhopal op"]
[Site "Bhopal"]
[Date "2017.12.23"]
[Round "4"]
[White "Panesar, Vedant"]
[Black "Girish, A Koushnik"]
[Result "0-1"]
[WhiteElo "2161"]
[BlackElo "2412"]
[PlyCount "74"]
[EventDate "2017.12.21"]
[EventType "swiss"]
[EventRounds "10"]
[EventCountry "IND"]
[SourceTitle "CBM 182 Extra"]
[Source "ChessBase"]
[SourceDate "2018.02.23"]
[SourceVersion "1"]
[SourceVersionDate "2018.02.23"]
[SourceQuality "1"]

1. Nf3 d5 2. d4 Nf6 3. c4 c6 4. cxd5 cxd5 5. Nc3 Nc6 6. Bf4 a6 7. e3 Bg4 8. Be2
e6 9. O-O Bd6 10. Bxd6 Qxd6 11. Nd2 Bxe2 12. Qxe2 O-O 13. Nb3 e5 14. dxe5 Nxe5
15. Rfd1 Rfe8 16. h3 Rad8 17. Rac1 b5 18. Nd4 b4 19. Nb1 Ne4 20. Nd2 Qg6 21.
N4f3 Nxf3+ 22. Nxf3 Rd6 23. Rd4 Qh5 24. Rc7 h6 25. Rxb4 Rg6 26. Kf1 Rf6 27. Ra4
Ree6 28. Ke1 Qg6 29. Kf1 Rc6 30. Rxc6 Rxc6 31. Kg1 Rc1+ 32. Kh2 Qc6 33. Rxa6
Qc7+ 34. g3 Rc2 35. Ra8+ Kh7 36. Ng5+ Nxg5 37. Qd3+ Ne4 0-1

[Event "Bhopal op"]
[Site "Bhopal"]
[Date "2017.12.24"]
[Round "5"]
[White "Girish, A Koushnik"]
[Black "Kumar, Gaurav"]
[Result "1-0"]
[WhiteElo "2412"]
[BlackElo "2231"]
[PlyCount "49"]
[EventDate "2017.12.21"]
[EventType "swiss"]
[EventRounds "10"]
[EventCountry "IND"]
[SourceTitle "CBM 182 Extra"]
[Source "ChessBase"]
[SourceDate "2018.02.23"]
[SourceVersion "1"]
[SourceVersionDate "2018.02.23"]
[SourceQuality "1"]

1. c4 e5 2. g3 c6 3. Nf3 e4 4. Nd4 d5 5. cxd5 Qxd5 6. Nc2 Nf6 7. Nc3 Qh5 8. Ne3
Bh3 9. Qc2 Bxf1 10. Rxf1 Qe5 11. f3 exf3 12. Rxf3 Na6 13. Nf5 O-O-O 14. d4 Qe6
15. Bg5 h6 16. Re3 Nb4 17. Qb1 Qc4 18. Bxf6 gxf6 19. a3 Nd5 20. Nxd5 Qxd5 21.
Qe4 Qa5+ 22. Kf1 Bb4 23. Rc1 Rd5 24. Rf3 Bd6 25. b4 1-0

[Event "Bhopal op"]
[Site "Bhopal"]
[Date "2017.12.24"]
[Round "6"]
[White "Senthil, Maran K"]
[Black "Girish, A Koushnik"]
[Result "0-1"]
[WhiteElo "2208"]
[BlackElo "2412"]
[PlyCount "70"]
[EventDate "2017.12.21"]
[EventType "swiss"]
[EventRounds "10"]
[EventCountry "IND"]
[SourceTitle "CBM 182 Extra"]
[Source "ChessBase"]
[SourceDate "2018.02.23"]
[SourceVersion "1"]
[SourceVersionDate "2018.02.23"]
[SourceQuality "1"]

1. d4 Nf6 2. c4 g6 3. g3 Bg7 4. Bg2 d5 5. cxd5 Nxd5 6. e4 Nb6 7. Ne2 O-O 8. O-O
Nc6 9. d5 Na5 10. Nbc3 c6 11. b3 cxd5 12. exd5 Bg4 13. Bd2 e6 14. dxe6 Nc6 15.
Rc1 Nd4 16. f3 Bxe6 17. Be3 Nxe2+ 18. Qxe2 Re8 19. Rfd1 Qe7 20. Ne4 Bf5 21. Bc5
Qe6 22. Rd6 Qe5 23. f4 Qb2 24. Rc2 Qa1+ 25. Rd1 Bxe4 26. Rxa1 Bxc2 27. Qf1 Bd3
28. Qd1 Be2 29. Qe1 Ba6 30. Qb1 Rad8 31. a4 Nd5 32. Bxd5 Rxd5 33. Bf2 Red8 34.
Kg2 Bd3 35. Qe1 Bxa1 0-1

[Event "Bhopal op"]
[Site "Bhopal"]
[Date "2017.12.25"]
[Round "7"]
[White "Girish, A Koushnik"]
[Black "Nguyen, Duc Hoa"]
[Result "1/2-1/2"]
[WhiteElo "2412"]
[BlackElo "2504"]
[PlyCount "141"]
[EventDate "2017.12.21"]
[EventType "swiss"]
[EventRounds "10"]
[EventCountry "IND"]
[SourceTitle "CBM 182 Extra"]
[Source "ChessBase"]
[SourceDate "2018.02.23"]
[SourceVersion "1"]
[SourceVersionDate "2018.02.23"]
[SourceQuality "1"]

1. Nf3 d5 2. c4 e6 3. g3 c6 4. b3 Nf6 5. Bg2 a5 6. O-O a4 7. Bb2 Be7 8. d4 O-O
9. Nbd2 Qa5 10. Qc2 b5 11. c5 a3 12. Bc1 Nbd7 13. e4 Nxe4 14. Nxe4 dxe4 15.
Qxe4 Nf6 16. Qc2 Nd5 17. Bd2 b4 18. Ne5 Qc7 19. Rfe1 Rd8 20. h4 Ba6 21. h5 Bb5
22. Bh3 Rf8 23. Rad1 Rad8 24. Kh2 Kh8 25. f4 Qa5 26. f5 Qc7 27. fxe6 fxe6 28.
Kg2 Bf6 29. Bxe6 Rde8 30. Nd7 Bh4 31. Re5 Rf6 32. Nxf6 gxf6 33. gxh4 fxe5 34.
Bxd5 cxd5 35. Qf5 Qg7+ 36. Kh1 Bd7 37. h6 Qxh6 38. Bxh6 Bxf5 39. Rg1 exd4 40.
Bg7+ Kg8 41. Bxd4+ Kf7 42. Rf1 Kg6 43. Rg1+ Kf7 44. Rf1 Ke6 45. c6 Rg8 46. c7
Be4+ 47. Kh2 Rg2+ 48. Kh3 Rc2 49. Rf6+ Ke7 50. Rb6 Bf5+ 51. Kg3 Rxa2 52. Kf4
Bc8 53. Rxb4 Re2 54. Kf3 Rd2 55. Ke3 Rh2 56. Ra4 a2 57. Be5 Rg2 58. Ra8 Kd7 59.
b4 Rg4 60. Kd3 Rxb4 61. Rxa2 Re4 62. Bg3 Rg4 63. Be5 Rxh4 64. Rh2 Ba6+ 65. Kd2
Rxh2+ 66. Bxh2 d4 67. Be5 d3 68. Ke3 h5 69. Bh2 h4 70. Bf4 h3 71. Bh2 1/2-1/2

[Event "Bhopal op"]
[Site "Bhopal"]
[Date "2017.12.26"]
[Round "8"]
[White "Girish, A Koushnik"]
[Black "Rozum, Ivan"]
[Result "0-1"]
[WhiteElo "2412"]
[BlackElo "2595"]
[PlyCount "74"]
[EventDate "2017.12.21"]
[EventType "swiss"]
[EventRounds "10"]
[EventCountry "IND"]
[SourceTitle "CBM 182 Extra"]
[Source "ChessBase"]
[SourceDate "2018.02.23"]
[SourceVersion "1"]
[SourceVersionDate "2018.02.23"]
[SourceQuality "1"]

1. Nf3 Nf6 2. c4 b6 3. g3 Bb7 4. Bg2 g6 5. O-O Bg7 6. d4 O-O 7. Nc3 Ne4 8. Bd2
c5 9. d5 Nxd2 10. Nxd2 d6 11. f4 Nd7 12. Kh1 a6 13. a4 Nf6 14. e4 e6 15. Qf3
Rb8 16. Qd3 Re8 17. Rae1 exd5 18. cxd5 b5 19. b3 Nd7 20. e5 dxe5 21. f5 e4 22.
Ncxe4 Ne5 23. Qc2 Bxd5 24. axb5 axb5 25. fxg6 hxg6 26. Qxc5 Bxe4 27. Nxe4 Nd3
28. Nf6+ Qxf6 29. Rxe8+ Rxe8 30. Qxb5 Qd8 31. b4 Re7 32. Bd5 Nxb4 33. Bxf7+
Rxf7 34. Rxf7 Kxf7 35. Qxb4 Qd5+ 36. Kg1 Bd4+ 37. Kf1 Qf3+ 0-1

[Event "Bhopal op"]
[Site "Bhopal"]
[Date "2017.12.27"]
[Round "9"]
[White "Sekar, B."]
[Black "Girish, A Koushnik"]
[Result "1/2-1/2"]
[WhiteElo "2274"]
[BlackElo "2412"]
[PlyCount "151"]
[EventDate "2017.12.21"]
[EventType "swiss"]
[EventRounds "10"]
[EventCountry "IND"]
[SourceTitle "CBM 182 Extra"]
[Source "ChessBase"]
[SourceDate "2018.02.23"]
[SourceVersion "1"]
[SourceVersionDate "2018.02.23"]
[SourceQuality "1"]

1. e4 e5 2. Nf3 Nc6 3. Bb5 a6 4. Ba4 d6 5. O-O Bd7 6. d4 Nf6 7. Re1 Be7 8. c3
O-O 9. Nbd2 b5 10. Bb3 h6 11. h3 Re8 12. Nf1 Bf8 13. Ng3 Na5 14. Bc2 g6 15. b3
c5 16. d5 c4 17. Be3 cxb3 18. axb3 Qc7 19. Qd2 Kh7 20. c4 Nb7 21. cxb5 Bxb5 22.
b4 a5 23. Reb1 axb4 24. Rxa8 Rxa8 25. Qxb4 Bd7 26. Qxb7 Qxc2 27. Rc1 Qa4 28.
Nd2 Be7 29. Kh2 Qa6 30. Qxa6 Rxa6 31. Nc4 h5 32. Nb6 h4 33. Nxd7 hxg3+ 34. Kxg3
Nxe4+ 35. Kh2 Ra5 36. Rc7 Bd8 37. Rc8 Bh4 38. g3 Be7 39. Rc7 Bd8 40. Rc6 Bg5
41. Bxg5 Nxg5 42. Nf6+ Kg7 43. Ne8+ Kf8 44. Nxd6 Ke7 45. Nc4 Rxd5 46. Rc7+ Kf6
47. Rc6+ Kg7 48. Kg2 e4 49. Rd6 Rc5 50. h4 Nf3 51. Nd2 Nxd2 52. Rxd2 f5 53. Rd6
Rc2 54. Re6 Kf7 55. Re5 Ra2 56. Kf1 Kg7 57. Re8 Kh6 58. Rh8+ Kg7 59. Re8 Kf6
60. Ke1 Rb2 61. Kf1 Rb5 62. Ke2 Kf7 63. Ra8 Rb2+ 64. Kf1 Rb3 65. Ra6 Rf3 66.
Kg2 Kg7 67. Ra8 Rb3 68. Re8 Rb2 69. Kf1 Ra2 70. Re5 Kh6 71. Re8 Kh5 72. Kg2 Kg4
73. Re6 Kh5 74. Re8 Rb2 75. Re7 Kh6 76. Kf1 1/2-1/2

[Event "Bhopal op"]
[Site "Bhopal"]
[Date "2017.12.28"]
[Round "10"]
[White "Girish, A Koushnik"]
[Black "Masango, Spencer"]
[Result "1-0"]
[WhiteElo "2412"]
[BlackElo "2253"]
[PlyCount "53"]
[EventDate "2017.12.21"]
[EventType "swiss"]
[EventRounds "10"]
[EventCountry "IND"]
[SourceTitle "CBM 182 Extra"]
[Source "ChessBase"]
[SourceDate "2018.02.23"]
[SourceVersion "1"]
[SourceVersionDate "2018.02.23"]
[SourceQuality "1"]

1. Nf3 Nf6 2. g3 e6 3. Bg2 Be7 4. O-O d5 5. d3 O-O 6. Nbd2 a5 7. e4 a4 8. a3
dxe4 9. dxe4 Nc6 10. e5 Ng4 11. Qe2 Nh6 12. Ne4 Nf5 13. Rd1 Qe8 14. Bf4 Ra5 15.
c4 b6 16. Bd2 Nfd4 17. Nxd4 Nxd4 18. Qd3 Nb3 19. Bxa5 Nxa1 20. Bc3 Nb3 21. Nf6+
gxf6 22. exf6 Bc5 23. Qe2 Kh8 24. Qh5 Bb7 25. Bxb7 c6 26. Qh6 Rg8 27. Bxc6 1-0

[Event "Mumbai Wealth op 3rd"]
[Site "Mumbai"]
[Date "2017.12.30"]
[Round "1"]
[White "Girish, A Koushnik"]
[Black "Bala, Kannamma P"]
[Result "1-0"]
[WhiteElo "2412"]
[BlackElo "2058"]
[PlyCount "111"]
[EventDate "2017.12.30"]
[EventType "swiss"]
[EventRounds "9"]
[EventCountry "IND"]
[SourceTitle "CBM 182 Extra"]
[Source "ChessBase"]
[SourceDate "2018.02.23"]
[SourceVersion "1"]
[SourceVersionDate "2018.02.23"]
[SourceQuality "1"]

1. d4 Nf6 2. Nf3 e6 3. c4 b6 4. g3 Bb7 5. Bg2 Be7 6. O-O O-O 7. d5 exd5 8. Nh4
c6 9. cxd5 Nxd5 10. Nf5 Nf6 11. e4 d5 12. e5 Ne8 13. Nc3 Nd7 14. Re1 Kh8 15. a3
f6 16. e6 Ne5 17. Nxe7 Qxe7 18. f4 Nc4 19. f5 Qc5+ 20. Kh1 d4 21. Ne2 Qxf5 22.
Nxd4 Qc5 23. b4 Qd6 24. b5 Ne5 25. bxc6 Ba6 26. Bf4 Nc7 27. Qa4 g5 28. Bxe5
fxe5 29. Nf3 Bb5 30. Qg4 Qxe6 31. Qxe6 Nxe6 32. Nxe5 Nc5 33. Rad1 Rac8 34. Rd6
Rc7 35. Bd5 Kg7 36. Nd7 Nxd7 37. cxd7 Rd8 38. Re7+ Kh8 39. Rh6 Rc1+ 40. Kg2
Bf1+ 41. Kf2 Rf8+ 42. Rf7 Rxf7+ 43. Bxf7 Rd1 44. Bh5 Rxd7 45. Kxf1 Rd2 46. Bg4
Ra2 47. Bf5 Kg7 48. Rxh7+ Kf6 49. Bd3 Rxa3 50. Ke2 a5 51. Rh6+ Kf7 52. Rxb6
Ra2+ 53. Kf3 Rxh2 54. Ra6 Rh8 55. Rxa5 Kf6 56. Rf5+ 1-0

[Event "Mumbai Wealth op 3rd"]
[Site "Mumbai"]
[Date "2017.12.31"]
[Round "2"]
[White "Srija, Seshadri"]
[Black "Girish, A Koushnik"]
[Result "1-0"]
[WhiteElo "2203"]
[BlackElo "2412"]
[PlyCount "91"]
[EventDate "2017.12.30"]
[EventType "swiss"]
[EventRounds "9"]
[EventCountry "IND"]
[SourceTitle "CBM 182 Extra"]
[Source "ChessBase"]
[SourceDate "2018.02.23"]
[SourceVersion "1"]
[SourceVersionDate "2018.02.23"]
[SourceQuality "1"]

1. e4 e5 2. Nf3 Nc6 3. Bb5 a6 4. Ba4 d6 5. c3 Bd7 6. d4 g6 7. O-O Bg7 8. Re1 b5
9. Bc2 Nf6 10. Nbd2 O-O 11. Nf1 Re8 12. a4 exd4 13. cxd4 Bg4 14. Be3 Nxe4 15.
Bxe4 Rxe4 16. Qc2 Qe8 17. axb5 Nb4 18. Qc4 a5 19. Ng5 Re7 20. Bd2 Be2 21. Rxe2
Rxe2 22. Bxb4 d5 23. Qd3 Rxb2 24. Re1 Qd7 25. Ba3 Ra2 26. Qb3 Rxa3 27. Qxa3
Bxd4 28. Qd3 Bg7 29. Ne3 d4 30. Nc4 h6 31. Nf3 Qxb5 32. Nfe5 Re8 33. f4 Qd5 34.
Ra1 Ra8 35. Ra4 Qb5 36. Ra1 c5 37. Qe4 Ra7 38. Rb1 Qe8 39. Qd5 Rc7 40. Nxa5 Kh7
41. Nac4 f6 42. Nd6 Qd8 43. Nxg6 Rd7 44. Qf5 Rxd6 45. Rb7 Qe8 46. Nf8+ 1-0

[Event "Mumbai Wealth op 3rd"]
[Site "Mumbai"]
[Date "2018.01.01"]
[Round "3"]
[White "Girish, A Koushnik"]
[Black "Patil, Harshal"]
[Result "1-0"]
[WhiteElo "2412"]
[BlackElo "1737"]
[PlyCount "77"]
[EventDate "2017.12.30"]
[EventType "swiss"]
[EventRounds "9"]
[EventCountry "IND"]
[SourceTitle "CBM 182 Extra"]
[Source "ChessBase"]
[SourceDate "2018.02.23"]
[SourceVersion "1"]
[SourceVersionDate "2018.02.23"]
[SourceQuality "1"]

1. Nf3 Nf6 2. c4 g6 3. Nc3 Bg7 4. e4 d6 5. d4 O-O 6. h3 Nfd7 7. Be2 e5 8. Bg5
f6 9. Be3 c6 10. O-O Na6 11. dxe5 dxe5 12. Qd6 Qa5 13. a3 Rd8 14. b4 Qc7 15.
Rfd1 Bf8 16. Qxc7 Nxc7 17. c5 Kf7 18. Nd2 Be7 19. Nc4 Ne8 20. f4 exf4 21. Bxf4
Nf8 22. Rxd8 Bxd8 23. Rf1 b5 24. Nd6+ Nxd6 25. Bxd6 a5 26. e5 f5 27. Bf3 Ra6
28. Ne2 axb4 29. axb4 Ne6 30. g4 Ng7 31. Nd4 Bd7 32. gxf5 gxf5 33. Be4 Kg6 34.
e6 fxe4 35. exd7 e3 36. Rf8 Bg5 37. d8=Q Bxd8 38. Rxd8 Ra4 39. Be5 1-0

[Event "Mumbai Wealth op 3rd"]
[Site "Mumbai"]
[Date "2018.01.01"]
[Round "3"]
[White "Thanki, Hemal Karsanji"]
[Black "Giri, Abhishek"]
[Result "0-1"]
[WhiteElo "2108"]
[BlackElo "1531"]
[PlyCount "84"]
[EventDate "2017.12.30"]
[EventType "swiss"]
[EventRounds "9"]
[EventCountry "IND"]
[SourceTitle "CBM 182 Extra"]
[Source "ChessBase"]
[SourceDate "2018.02.23"]
[SourceVersion "1"]
[SourceVersionDate "2018.02.23"]
[SourceQuality "1"]

1. e4 c5 2. Nf3 Nc6 3. Bb5 Nd4 4. Nxd4 cxd4 5. O-O a6 6. Ba4 e6 7. c3 b5 8. Bb3
Bc5 9. d3 Ne7 10. Qh5 Qc7 11. a4 Bb7 12. axb5 O-O 13. cxd4 Bxd4 14. Nd2 g6 15.
Qh4 d5 16. Nf3 Bg7 17. Bh6 dxe4 18. dxe4 axb5 19. Rac1 Nc6 20. Rc5 Qd6 21. Bxg7
Kxg7 22. Rc3 b4 23. Re3 Ne5 24. Nxe5 Qxe5 25. Qe7 Ba6 26. Rfe1 Rab8 27. Qa7 Ra8
28. Qe7 Rab8 29. Rf3 Rb7 30. Qh4 Rc8 31. Rh3 h5 32. Rhe3 Rbc7 33. g3 Rc1 34.
Qe7 Qxb2 35. Bxe6 R8c7 36. Qd6 R1c6 37. Rb3 Rxd6 38. Rxb2 fxe6 39. Rxb4 Rdc6
40. Kg2 Rc1 41. Re3 Bf1+ 42. Kf3 Rf7# 0-1

[Event "Mumbai Wealth op 3rd"]
[Site "Mumbai"]
[Date "2018.01.02"]
[Round "4"]
[White "Giri, Abhishek"]
[Black "Varshini, Veileven"]
[Result "0-1"]
[WhiteElo "1531"]
[BlackElo "2056"]
[PlyCount "96"]
[EventDate "2017.12.30"]
[EventType "swiss"]
[EventRounds "9"]
[EventCountry "IND"]
[SourceTitle "CBM 182 Extra"]
[Source "ChessBase"]
[SourceDate "2018.02.23"]
[SourceVersion "1"]
[SourceVersionDate "2018.02.23"]
[SourceQuality "1"]

1. e4 c5 2. Nc3 d6 3. Nf3 Nf6 4. Bc4 e6 5. O-O Be7 6. d4 cxd4 7. Nxd4 a6 8. a4
Qc7 9. Bd3 b6 10. Re1 Bb7 11. Bg5 Nbd7 12. Nf3 O-O 13. Qe2 Rfd8 14. Bh4 Nf8 15.
Rad1 Ng6 16. Bg3 Nh5 17. Qe3 Ne5 18. Nxe5 dxe5 19. Be2 Bc5 20. Qg5 Nxg3 21.
Qxg3 Bd4 22. Rd3 Qc6 23. Red1 Rdc8 24. Qh4 Qc5 25. Kh1 h6 26. Bh5 Rf8 27. Rf3
f5 28. Rfd3 Bxf2 29. Qh3 Bd4 30. Bg6 Rf6 31. exf5 Raf8 32. Ne2 exf5 33. Bh5
Bxb2 34. Rd7 Qc6 35. Rxb7 Qxb7 36. Qb3+ Kh7 37. Qxb2 g6 38. Qxe5 gxh5 39. Ng1
Qe4 40. Rd7+ R6f7 41. Qd6 Qxc2 42. Qxf8 Rxd7 43. Qe8 Rg7 44. g3 Qe4+ 45. Qxe4
fxe4 46. Ne2 b5 47. axb5 axb5 48. Nc3 e3 0-1

[Event "Mumbai Wealth op 3rd"]
[Site "Mumbai"]
[Date "2018.01.03"]
[Round "5"]
[White "Banerjee, Ashutosh"]
[Black "Giri, Abhishek"]
[Result "1-0"]
[WhiteElo "1914"]
[BlackElo "1531"]
[PlyCount "59"]
[EventDate "2017.12.30"]
[EventType "swiss"]
[EventRounds "9"]
[EventCountry "IND"]
[SourceTitle "CBM 182 Extra"]
[Source "ChessBase"]
[SourceDate "2018.02.23"]
[SourceVersion "1"]
[SourceVersionDate "2018.02.23"]
[SourceQuality "1"]

1. d4 Nf6 2. c4 e5 3. dxe5 Ng4 4. Bf4 Nc6 5. Nf3 Qe7 6. Nc3 Qc5 7. e3 Ncxe5 8.
Nxe5 Nxe5 9. b4 Qd6 10. Qxd6 cxd6 11. O-O-O Be7 12. c5 Ng4 13. cxd6 Bf6 14. Ne4
b6 15. Nxf6+ Nxf6 16. e4 Bb7 17. f3 O-O 18. Kb2 a5 19. b5 Rfc8 20. Be3 Bxe4 21.
fxe4 Nxe4 22. Bd3 Nc3 23. Rc1 Na4+ 24. Kb3 Re8 25. Rhe1 Re6 26. Kxa4 Rxd6 27.
Rcd1 g6 28. Bc4 Rf6 29. Rf1 Rxf1 30. Rxf1 1-0

[Event "Mumbai Wealth op 3rd"]
[Site "Mumbai"]
[Date "2018.01.03"]
[Round "5"]
[White "Manush, Shah"]
[Black "Girish, A Koushnik"]
[Result "1/2-1/2"]
[WhiteElo "2148"]
[BlackElo "2412"]
[PlyCount "141"]
[EventDate "2017.12.30"]
[EventType "swiss"]
[EventRounds "9"]
[EventCountry "IND"]
[SourceTitle "CBM 182 Extra"]
[Source "ChessBase"]
[SourceDate "2018.02.23"]
[SourceVersion "1"]
[SourceVersionDate "2018.02.23"]
[SourceQuality "1"]

1. d4 Nf6 2. Nf3 g6 3. Nc3 d5 4. Bf4 Bg7 5. e3 O-O 6. Be2 c5 7. dxc5 Qa5 8. Nd2
Qxc5 9. Nb3 Qb6 10. Nb5 Na6 11. Be5 Bd7 12. N5d4 Rac8 13. O-O Nh5 14. Bxg7 Nxg7
15. c3 e5 16. Nf3 Qe6 17. Qd2 Rfd8 18. Rfd1 Be8 19. h3 Nb8 20. Rac1 Nc6 21. Nc5
Qe7 22. b4 b6 23. Nb3 e4 24. Nfd4 Ne5 25. Re1 Bd7 26. f4 exf3 27. Nxf3 Nc4 28.
Bxc4 Rxc4 29. Nbd4 Rdc8 30. Qd3 Nf5 31. Nd2 R4c7 32. e4 dxe4 33. Nxe4 Qe5 34.
Nxf5 Bxf5 35. Qd6 Qxd6 36. Nxd6 Rd8 37. Nxf5 gxf5 38. Re5 Rdc8 39. Rxf5 Rxc3
40. Rcf1 R8c7 41. R5f3 Kg7 42. a3 Rxf3 43. Rxf3 h5 44. Kf2 Kg6 45. Kg3 Rc4 46.
Rd3 h4+ 47. Kf3 f5 48. Rd6+ Kg5 49. Rd3 Rc2 50. Re3 Ra2 51. Rd3 a5 52. bxa5
bxa5 53. g3 hxg3 54. Kxg3 a4 55. h4+ Kf6 56. Kf4 Rf2+ 57. Kg3 Re2 58. Rd4 Re3+
59. Kf4 Rxa3 60. Rd6+ Ke7 61. Ra6 Rh3 62. Kxf5 Rxh4 63. Ke5 Kd7 64. Kd5 Kc7 65.
Kc5 Kb7 66. Rb6+ Ka7 67. Rb4 Rh5+ 68. Kc4 Ra5 69. Rb2 Ka6 70. Ra2 a3 71. Kb3
1/2-1/2

[Event "Mumbai Wealth op 3rd"]
[Site "Mumbai"]
[Date "2018.01.04"]
[Round "6"]
[White "Patil, Pratik1"]
[Black "Girish, A Koushnik"]
[Result "1/2-1/2"]
[WhiteElo "2199"]
[BlackElo "2412"]
[PlyCount "117"]
[EventDate "2017.12.30"]
[EventType "swiss"]
[EventRounds "9"]
[EventCountry "IND"]
[SourceTitle "CBM 182 Extra"]
[Source "ChessBase"]
[SourceDate "2018.02.23"]
[SourceVersion "1"]
[SourceVersionDate "2018.02.23"]
[SourceQuality "1"]

1. e4 e5 2. Nf3 Nc6 3. Bc4 Bc5 4. c3 Nf6 5. d3 O-O 6. Bb3 d5 7. Nbd2 Be6 8. O-O
h6 9. exd5 Bxd5 10. Nc4 Re8 11. Ne3 Bxb3 12. axb3 a6 13. b4 Ba7 14. Nf5 Qd7 15.
N3h4 Rad8 16. Qf3 Qxd3 17. Nxh6+ Kf8 18. Be3 Qe4 19. Bxa7 Nxa7 20. N6f5 g6 21.
Qxe4 Nxe4 22. Ne3 Kg7 23. Nf3 Nc6 24. Rfd1 f5 25. Kf1 Kf7 26. Ke2 Ke6 27. Nc4
Rxd1 28. Rxd1 Re7 29. Nfd2 Nxd2 30. Rxd2 b5 31. Ne3 Rd7 32. Rxd7 Kxd7 33. h4
Ke6 34. f3 f4 35. Ng4 Ne7 36. Kd3 Nf5 37. Ke4 Nd6+ 38. Kd3 Nc4 39. Ke4 c6 40.
b3 Nd6+ 41. Kd3 Ne8 42. Nf2 Nf6 43. Ne4 Nxe4 44. fxe4 Kf6 45. Ke2 g5 46. hxg5+
Kxg5 47. Kf3 Kh4 48. c4 bxc4 49. bxc4 Kg5 50. g3 fxg3 51. Kxg3 Kf6 52. Kf3 c5
53. b5 axb5 54. cxb5 Ke6 55. Ke3 Kd7 56. Kd3 Kc7 57. Kc3 Kb7 58. Kb3 Kc7 59.
Kc3 1/2-1/2

[Event "Mumbai Wealth op 3rd"]
[Site "Mumbai"]
[Date "2018.01.05"]
[Round "7"]
[White "Girish, A Koushnik"]
[Black "Balasubramaniam, H."]
[Result "1-0"]
[WhiteElo "2412"]
[BlackElo "2147"]
[PlyCount "69"]
[EventDate "2017.12.30"]
[EventType "swiss"]
[EventRounds "9"]
[EventCountry "IND"]
[SourceTitle "CBM 182 Extra"]
[Source "ChessBase"]
[SourceDate "2018.02.23"]
[SourceVersion "1"]
[SourceVersionDate "2018.02.23"]
[SourceQuality "1"]

1. d4 Nf6 2. Bg5 e6 3. Nd2 c5 4. e3 d5 5. c3 Be7 6. Bd3 Nbd7 7. Ngf3 b6 8. O-O
Bb7 9. Ne5 Nxe5 10. dxe5 Nd7 11. Bxe7 Qxe7 12. f4 O-O-O 13. a4 f6 14. a5 c4 15.
Bc2 fxe5 16. axb6 axb6 17. Nf3 Qc5 18. Kh1 Qxe3 19. Nd4 exd4 20. Rf3 Qxf3 21.
Qxf3 d3 22. Bd1 Rhf8 23. Qe3 Rxf4 24. Bf3 Rf6 25. Kg1 Nc5 26. Qe5 Nb3 27. Rd1
Nc5 28. h4 Rd7 29. Bg4 Rdf7 30. Qd6 Ne4 31. Bxe6+ Rxe6 32. Qxe6+ Rd7 33. Qxb6
Ng3 34. Kh2 Nf5 35. Qc5+ 1-0

[Event "Mumbai Wealth op 3rd"]
[Site "Mumbai"]
[Date "2018.01.05"]
[Round "7"]
[White "Nair, Sanjeev"]
[Black "Giri, Abhishek"]
[Result "1-0"]
[WhiteElo "1903"]
[BlackElo "1531"]
[PlyCount "79"]
[EventDate "2017.12.30"]
[EventType "swiss"]
[EventRounds "9"]
[EventCountry "IND"]
[SourceTitle "CBM 182 Extra"]
[Source "ChessBase"]
[SourceDate "2018.02.23"]
[SourceVersion "1"]
[SourceVersionDate "2018.02.23"]
[SourceQuality "1"]

1. d4 Nf6 2. Bf4 d6 3. Nc3 c6 4. e4 Qa5 5. f3 Nbd7 6. Nge2 e5 7. Be3 Be7 8. g4
exd4 9. Bxd4 Ne5 10. Bg2 b5 11. O-O b4 12. Nb1 c5 13. Bf2 Ba6 14. Nd2 Rd8 15.
Nb3 Qc7 16. g5 Nh5 17. Be3 O-O 18. Kh1 f5 19. exf5 Rxf5 20. f4 Ng4 21. Qd2 Rdf8
22. Ng3 Nxg3+ 23. hxg3 h5 24. Rfe1 Bb7 25. Bxb7 Qxb7+ 26. Qg2 Qc7 27. Nd2 d5
28. Nf3 d4 29. Bd2 Qd6 30. Re2 Bd8 31. Rae1 Qd5 32. Nh4 d3 33. Nxf5 Qxf5 34.
cxd3 Qxd3 35. Re8 Rxe8 36. Rxe8+ Kf7 37. Qe2 Qd5+ 38. Kg1 Qd4+ 39. Kf1 Qd7 40.
Rh8 1-0

[Event "Mumbai Wealth op 3rd"]
[Site "Mumbai"]
[Date "2018.01.06"]
[Round "8"]
[White "Giri, Abhishek"]
[Black "Ghelani, Dhairya"]
[Result "1-0"]
[WhiteElo "1531"]
[BlackElo "1809"]
[PlyCount "67"]
[EventDate "2017.12.30"]
[EventType "swiss"]
[EventRounds "9"]
[EventCountry "IND"]
[SourceTitle "CBM 182 Extra"]
[Source "ChessBase"]
[SourceDate "2018.02.23"]
[SourceVersion "1"]
[SourceVersionDate "2018.02.23"]
[SourceQuality "1"]

1. e4 c5 2. Nc3 e6 3. d3 a6 4. a4 Nc6 5. g3 d5 6. Bg2 Nf6 7. Nge2 Be7 8. O-O
O-O 9. exd5 exd5 10. Nf4 Bg4 11. Qd2 Nb4 12. h3 Bd7 13. Nd1 Re8 14. c3 Nc6 15.
Ne3 Be6 16. Nxe6 fxe6 17. f4 e5 18. fxe5 Nxe5 19. g4 h6 20. Nf5 Nf7 21. Qf2 Rf8
22. Bf4 Qd7 23. Rae1 Bd8 24. Qd2 Rc8 25. Re2 Re8 26. Ref2 Qxa4 27. Bxh6 g6 28.
Bg5 Qc6 29. Bxf6 Bxf6 30. Nh6+ Nxh6 31. Rxf6 Re6 32. Qxh6 Rxf6 33. Rxf6 Qxf6
34. Bxd5+ 1-0

[Event "Mumbai Wealth op 3rd"]
[Site "Mumbai"]
[Date "2018.01.06"]
[Round "8"]
[White "Girish, A Koushnik"]
[Black "Pradeep, Kumar RA"]
[Result "1/2-1/2"]
[WhiteElo "2412"]
[BlackElo "2236"]
[PlyCount "140"]
[EventDate "2017.12.30"]
[EventType "swiss"]
[EventRounds "9"]
[EventCountry "IND"]
[SourceTitle "CBM 182 Extra"]
[Source "ChessBase"]
[SourceDate "2018.02.23"]
[SourceVersion "1"]
[SourceVersionDate "2018.02.23"]
[SourceQuality "1"]

1. Nf3 Nf6 2. g3 g6 3. b3 Bg7 4. Bb2 O-O 5. Bg2 c5 6. c4 Nc6 7. O-O d6 8. d4
cxd4 9. Nxd4 Bd7 10. Nc3 Qa5 11. e3 Rfc8 12. h3 a6 13. a4 Rab8 14. Re1 Qb6 15.
g4 h6 16. Rb1 Nb4 17. Qd2 Bc6 18. Nxc6 bxc6 19. Ne2 d5 20. Bd4 Qd8 21. Red1
dxc4 22. Qc3 Nfd5 23. Qxc4 Bxd4 24. Rxd4 e5 25. Rd2 Qe7 26. Rbd1 a5 27. Ng3 Rd8
28. Ne4 Kg7 29. Qc5 Qc7 30. Nc3 Nxc3 31. Qxc3 Rxd2 32. Rxd2 Kh7 33. Bf1 Qe7 34.
Bc4 Rb7 35. Qa1 h5 36. Qd1 hxg4 37. hxg4 Kg7 38. Kg2 Qg5 39. Rd7 Rxd7 40. Qxd7
Qf6 41. Qc7 e4 42. Qf4 Qe7 43. g5 Nc2 44. Kg3 Nb4 45. f3 Nd5 46. Qxe4 Qxg5+ 47.
Kf2 Nb4 48. Qd4+ Kg8 49. Qd7 Qh4+ 50. Kg2 Qg5+ 51. Kf1 Qf6 52. f4 Kg7 53. Ke2
Nc2 54. Kf3 c5 55. Ke2 Na3 56. Bd5 Nb1 57. Kf3 Nd2+ 58. Kf2 Nxb3 59. Kg3 Nd2
60. e4 Qc3+ 61. Kh2 Nf3+ 62. Kg2 Nh4+ 63. Kh2 Nf3+ 64. Kg2 Nh4+ 65. Kh2 Qd2+
66. Kg3 Qe1+ 67. Kg4 Kh6 68. Qxf7 Qe2+ 69. Kxh4 Qh2+ 70. Kg4 Qg2+ 1/2-1/2